000 00967nam a2200289 a 4500
001 000023581
005 20260218080534.0
008 101214s1977 sp r 001 e spa d
020 _a8425307430
040 _aDO-SdBNP
_bspa
_cBNPHU
041 1 7 _aspa
_heng
_2Código de idiomas MARC
082 _a335.4
_bW238p
100 1 _aWalton, Paul,
_948603
245 1 0 _aProblemas del marxismo contemporáneo /
_cPaul Walton, Andrew Gamble ; traducción de Celia Amorós y J. V. Marqués.
260 _aBarcelona :
_bGrijalbo,
_c1977.
300 _a302 p. ;
_c19 cm.
490 1 _aInstrumentos
_v9
504 _aIncluye referencias bibliográficas y notas al pie de las páginas.
600 1 0 _aMarx, Karl,
_d1818-1883
_930439
650 0 _aMarxismo
_95234
650 0 _aCapitalismo
_9280
700 1 _aGamble, Andrew,
_948605
700 1 _aAmorós, Celia,
_etr.
_948606
700 1 _aMarqués, J. V.,
_etr.
_948607
830 0 _aInstrumentos ;
_v9
_948608
049 _aBNGR
999 _c23077
_d23077